| 000 | 00833cam a22002535a 4500 | ||
|---|---|---|---|
| 001 | 3387806 | ||
| 005 | 20151028143747.0 | ||
| 008 | 881206s1987 enka frb 001 0 eng d | ||
| 020 | _a0860107167 (vol. 2, hardback) | ||
| 040 |
_aDLC _beng _cDLC _dDLC _dEG-ScBUE |
||
| 082 | 0 | 4 |
_a622.3381 _bING _222 |
| 100 | 1 |
_aInglis, T. A. _q(Tom A.) _938598 |
|
| 245 | 1 | 0 |
_aDirectional drilling / _cT. A. Inglis. |
| 260 |
_aLondon : _bGraham & Trotman, _c1987. |
||
| 300 |
_axiv, 260 p. : _bill. ; _c24 cm. |
||
| 490 | 0 |
_aPetroleum engineering and development studies, _x0860109321 ; _vv. 2 |
|
| 500 | _aIndex : p. 249-257. | ||
| 500 | _aInclude glossary. | ||
| 504 | _aIncludes bibliographical references. | ||
| 650 | 0 |
_aDirectional drilling. _2BUEsh |
|
| 651 | _2BUEsh | ||
| 653 |
_bENGPET _cJune2015 _cOctober2015 |
||
| 942 |
_2ddc _k622.3381 ING |
||
| 999 |
_c19555 _d19527 |
||